| 000 | 00394nam a22001577a 4500 | ||
|---|---|---|---|
| 003 | ASAB | ||
| 005 | 20180827062723.0 | ||
| 008 | 140425t xxu||||| |||| 00| 0 eng d | ||
| 020 | _a978-0-07-163827-2 | ||
| 040 | _cASAB | ||
| 100 |
_aRobert K.Murray _9828 |
||
| 245 | _aHarper's Illustrated Biochemistry | ||
| 246 | _aharpers illustrated biochemistry | ||
| 300 | _a693 p. | ||
| 942 |
_2ddc _cBK |
||
| 999 |
_c480388 _d480388 |
||